[Event "Guatemala City zt 2.32"]
[Site "Guatemala City"]
[Date "2000.08.24"]
[Round "9"]
[White "Gonzalez Acosta, Bernal Manuel"]
[Black "Juarez Flores, Carlos Armando"]
[Result "1-0"]
[WhiteElo "2428"]
[BlackElo "2392"]
[EventDate "2000.07.14"]
[PlyCount "102"]

1.e4 e6 2.d4 d5 3.exd5 exd5 4.Nf3 c5 5.Bb5+ Bd7 6.Qe2+ Qe7 7.Be3 c4 8.
Bxd7+ Nxd7 9.O-O Ngf6 10.Re1 Rc8 11.Nc3 Rc6 12.Bf4 Qxe2 13.Rxe2+ Re6 14.
Rae1 h6 15.Rxe6+ fxe6 16.Rxe6+ Kf7 17.Re2 Bb4 18.Nd1 Re8 19.Rxe8 Nxe8 20.
Ne5+ Nxe5 21.Bxe5 Ke6 22.f3 g6 23.Kf2 Nd6 24.g4 Bd2 25.h4 Nf7 26.Bb8 a6 
27.f4 h5 28.f5+ gxf5 29.gxh5 b5 30.Kf3 Bh6 31.Ne3 b4 32.Ng2 Bc1 33.Nf4+ 
Kd7 34.b3 cxb3 35.cxb3 Bb2 36.Be5 Nxe5+ 37.dxe5 Bxe5 38.Nxd5 a5 39.h6 Ke6 
40.Ne3 Kf6 41.h7 Kg6 42.Nc4 Bf6 43.Nxa5 Kxh7 44.Kf4 Bxh4 45.Kxf5 Be1 46.
Nc6 Kg7 47.Ke6 Kf8 48.Kd5 Ke8 49.Kc5 Kd7 50.Nxb4 Kc7 51.Kb5 Kb7 1-0

[Event "Guatemala City zt 2.32"]
[Site "Guatemala City"]
[Date "2000.08.24"]
[Round "9"]
[White "Guillen Ramirez, Jose Antonio"]
[Black "Minero Pineda, Sergio"]
[Result "1/2-1/2"]
[WhiteElo "2281"]
[BlackElo "2405"]
[EventDate "2000.07.14"]
[PlyCount "122"]

1.b3 Nf6 2.Bb2 e6 3.f4 b6 4.Nf3 Bb7 5.g3 Be7 6.Bg2 O-O 7.c4 c5 8.O-O d5 9.
Ne5 Qc8 10.e3 Nbd7 11.Qe2 Ne8 12.Nc3 Nc7 13.Rad1 Nf6 14.d3 Rb8 15.Ng4 Nxg4
16.Qxg4 f5 17.Nxd5 Rf7 18.Nxe7+ Rxe7 19.Qe2 Bxg2 20.Qxg2 Qe8 21.g4 Qf7 22.
Kh1 Rd8 23.Rg1 Ne8 24.Rd2 Red7 25.Rgd1 fxg4 26.Qxg4 Nd6 27.Rg1 Nf5 28.e4 
Nd4 29.Rdg2 Re7 30.Rg3 Rdd7 31.Rh3 Re8 32.Qh4 g6 33.Qg4 Red8 34.Bxd4 Rxd4 
35.Rgg3 Qf6 36.Re3 R4d7 37.e5 Qf7 38.Qf3 Rd4 39.Re4 Rxe4 40.Qxe4 Rd4 41.
Qa8+ Kg7 42.Rf3 Rxf4 43.Rxf4 Qxf4 44.Qxa7+ Kh6 45.Kg2 Qxe5 46.Qxb6 Qe2+ 
47.Kg1 Qd1+ 48.Kf2 Qc2+ 49.Kg1 Qb1+ 50.Kf2 Qxa2+ 51.Kf3 Qxh2 52.Qxc5 Qh1+ 
53.Ke2 Qg2+ 54.Qf2 Qxf2+ 55.Kxf2 Kg7 56.b4 Kf7 57.b5 Ke7 58.d4 Kd7 59.c5 
h5 60.b6 Kc6 61.Kf3 h4 1/2-1/2

[Event "Guatemala City zt 2.32"]
[Site "Guatemala City"]
[Date "2000.08.24"]
[Round "9"]
[White "Leyva, Hector"]
[Black "Juarez Flores, Jorge Guillermo"]
[Result "1-0"]
[WhiteElo "2409"]
[BlackElo "2251"]
[EventDate "2000.07.14"]
[PlyCount "103"]

1.d4 Nf6 2.Nf3 e6 3.c4 d5 4.Nc3 Be7 5.Bg5 c6 6.e3 Nbd7 7.Qc2 O-O 8.Rd1 b6 
9.cxd5 exd5 10.Bd3 Re8 11.O-O h6 12.Bh4 Bb7 13.h3 Ne4 14.Bxe4 Bxh4 15.Bh7+
Kh8 16.Nxh4 Qxh4 17.Bd3 Nf6 18.b4 g5 19.Ne2 Ne4 20.Ng3 g4 21.Nf5 Qg5 22.
hxg4 Re6 23.f3 Nd6 24.Nxd6 Qxe3+ 25.Qf2 Qxf2+ 26.Kxf2 Rxd6 27.Rde1 Re6 28.
Bf5 Ree8 29.Bd7 Rxe1 30.Rxe1 Kg7 31.Rc1 a6 32.a4 b5 33.a5 Rd8 34.Bf5 Kf6 
35.Rh1 Kg7 36.Re1 Kf6 37.Re5 Bc8 38.Bd3 Rg8 39.Rh5 Kg7 40.g5 Rh8 41.f4 f6 
42.gxf6+ Kxf6 43.Kf3 Kg7 44.g4 Re8 45.Re5 Rf8 46.Re7+ Rf7 47.Rxf7+ Kxf7 
48.g5 hxg5 49.fxg5 Bh3 50.Kg3 Be6 51.Kf4 Ke7 52.Ke5 1-0

[Event "Guatemala City zt 2.32"]
[Site "Guatemala City"]
[Date "2000.08.24"]
[Round "9"]
[White "Murillo Tsijli, Alexis"]
[Black "Izaba, Rodolfo"]
[Result "0-1"]
[WhiteElo "2393"]
[BlackElo "2229"]
[EventDate "2000.07.14"]
[PlyCount "110"]

1.e4 e5 2.Nf3 Nc6 3.Nc3 Nf6 4.d4 exd4 5.Nxd4 Bb4 6.Nxc6 bxc6 7.Bd3 h6 8.
O-O d6 9.Ne2 O-O 10.Ng3 Re8 11.h3 Bc5 12.Kh1 Ng4 13.Qf3 Qh4 14.Kg1 Ne5 15.
Qf4 Qxf4 16.Bxf4 Rb8 17.b3 Bd7 18.Be2 a5 19.a4 Re7 20.Rad1 Bb6 21.Bc1 Rbe8
22.Kh2 Ng6 23.Bg4 Ne5 24.Bxd7 Nxd7 25.f3 Nb8 26.h4 Na6 27.Nf5 Re6 28.Bb2 
f6 29.Bc3 Nb4 30.Bxb4 axb4 31.Nd4 Bxd4 32.Rxd4 c5 33.Rd2 Kf7 34.Kg3 Ke7 
35.Kf2 Kd7 36.Ra1 c6 37.Rh1 Kc7 38.Rh3 Re5 39.Rg3 R8e7 40.Rg6 d5 41.exd5 
cxd5 42.f4 Re4 43.Rxd5 Re2+ 44.Kg1 Kc6 45.Rd3 Rxc2 46.Rgg3 c4 47.bxc4 Rxc4
48.Rgf3 f5 49.a5 Ra7 50.Rg3 Kb5 51.Rg6 Kxa5 52.Rd5+ Ka4 53.Rxf5 b3 54.Rb6 
Rb4 55.Rxb4+ Kxb4 0-1

[Event "Valencia sub zt 2.3.5"]
[Site "Valencia"]
[Date "2000.??.??"]
[Round "1"]
[White "Boada, Winston"]
[Black "Pitterson, Jomo"]
[Result "0-1"]
[WhiteElo "2165"]
[BlackElo "2262"]
[EventDate "2000.08.13"]
[PlyCount "80"]

1.d4 Nf6 2.c4 g6 3.Nc3 d5 4.e3 Bg7 5.Nf3 O-O 6.Qb3 c6 7.Be2 Ne4 8.Nxe4 
dxe4 9.Nd2 e5 10.Nxe4 exd4 11.O-O Qe7 12.Bd3 Bf5 13.exd4 Bxe4 14.Bxe4 Qxe4
15.Qxb7 Nd7 16.Qxd7 Bxd4 17.a4 Rfe8 18.a5 Rad8 19.Qh3 Qe2 20.Be3 Bxe3 21.
fxe3 Rxe3 22.Rfe1 Qxe1+ 23.Rxe1 Rxe1+ 24.Kf2 Rb1 25.Qc3 Rb8 26.Ke3 c5 27.
Kf4 R1xb2 28.Ke5 Rxg2 29.Kd6 Rxh2 30.Kc7 Rhb2 31.Qe5 R2b7+ 32.Kc6 h6 33.
Kxc5 Rc8+ 34.Kd4 Rb4 35.a6 Rbxc4+ 36.Kd3 R4c6 37.Qb5 Rd8+ 38.Ke3 Rdd6 39.
Qb8+ Kg7 40.Qxa7 Rxa6 0-1

[Event "Valencia sub zt 2.3.5"]
[Site "Valencia"]
[Date "2000.??.??"]
[Round "1"]
[White "Harper, Ryan"]
[Black "Prasca Sosa, Raphael Felipe"]
[Result "0-1"]
[WhiteElo "2122"]
[BlackElo "2256"]
[EventDate "2000.08.13"]
[PlyCount "68"]

1.e4 e6 2.d4 d5 3.Nc3 Nf6 4.e5 Nfd7 5.f4 c5 6.Nf3 a6 7.Be3 Qb6 8.Qd2 Qxb2 
9.Rb1 Qa3 10.f5 cxd4 11.Bxd4 Nc6 12.fxe6 fxe6 13.Rb3 Qa5 14.Ng5 Nxd4 15.
Qxd4 Nc5 16.Kd1 Nxb3 17.cxb3 Bd7 18.Ne2 Rc8 19.Nc1 Bc5 20.Qd3 Ba3 21.Ne2 
Qc7 22.Nxh7 Qxe5 23.Qg6+ Ke7 24.Qg5+ Qxg5 25.Nxg5 e5 26.Nf3 Bb2 27.h3 Bf5 
28.Ne1 Bb1 29.a4 e4 30.g4 Ba2 31.b4 d4 32.Bg2 d3 33.Nf4 Bb3+ 34.Kd2 Bc1# 
0-1

[Event "Valencia sub zt 2.3.5"]
[Site "Valencia"]
[Date "2000.??.??"]
[Round "1"]
[White "Matthews, Shane"]
[Black "Merrit, Mario"]
[Result "0-1"]
[WhiteElo "2258"]
[BlackElo "2159"]
[EventDate "2000.08.13"]
[PlyCount "45"]

1.e4 c6 2.d4 d5 3.e5 Bf5 4.Nc3 Qb6 5.Nge2 e6 6.h4 h5 7.Ng3 Bg6 8.Be2 Be7 
9.Bxh5 Bxh5 10.Nxh5 g6 11.Nf4 Rxh4 12.Rxh4 Bxh4 13.Qg4 Bxf2+ 14.Kxf2 Qxd4+
15.Be3 Qxe5 16.Nd3 Qf5+ 17.Qxf5 gxf5 18.Rh1 Nd7 19.Bg5 f6 20.Bd2 O-O-O 21.
Nf4 e5 22.Ng6 f4 23.Ne2 0-1

[Event "Valencia sub zt 2.3.5"]
[Site "Valencia"]
[Date "2000.??.??"]
[Round "1"]
[White "Munoz Sotomayor, Hugo"]
[Black "Blanco, Cristobal J"]
[Result "0-1"]
[WhiteElo "2322"]
[BlackElo "2185"]
[EventDate "2000.08.13"]
[PlyCount "58"]

1.c4 c5 2.Nc3 Nc6 3.g3 e5 4.Bg2 f5 5.e3 Nf6 6.Nge2 Be7 7.d3 O-O 8.O-O d6 
9.Nd5 Nxd5 10.cxd5 Nb8 11.b3 Nd7 12.Bb2 Nf6 13.f4 Ng4 14.Qd2 Bf6 15.h3 Nh6
16.fxe5 dxe5 17.e4 b6 18.Kh2 a5 19.a4 Ra7 20.Rae1 Raf7 21.Nc3 Bg5 22.Qe2 
f4 23.g4 Bh4 24.Rd1 Bg3+ 25.Kg1 Qh4 26.Rf3 Nxg4 27.hxg4 Qh2+ 28.Kf1 Bxg4 
29.Rd2 Bh3 0-1

[Event "Valencia sub zt 2.3.5"]
[Site "Valencia"]
[Date "2000.??.??"]
[Round "1"]
[White "Pazos Gambarrotti, Plinio"]
[Black "Hernandez, Alexander"]
[Result "1/2-1/2"]
[WhiteElo "2363"]
[BlackElo "2229"]
[EventDate "2000.08.13"]
[PlyCount "132"]

1.e4 e5 2.Nf3 Nc6 3.d4 exd4 4.Nxd4 Bc5 5.Be3 Qf6 6.c3 Nge7 7.g3 b6 8.f4 
Bb7 9.Bg2 O-O-O 10.O-O h5 11.h3 Qg6 12.Kh2 f5 13.Nxf5 Nxf5 14.exf5 Qxf5 
15.Bxc5 Qxc5 16.Nd2 Rde8 17.Nf3 Re3 18.Qd2 Rhe8 19.Rae1 Rxe1 20.Rxe1 Rxe1 
21.Qxe1 Qe7 22.Qxe7 Nxe7 23.Nd4 Bxg2 24.Kxg2 a6 25.Kf3 c5 26.Ne2 d5 27.g4 
hxg4+ 28.hxg4 g6 29.Kg3 Kd7 30.Kh4 Ke6 31.Kg5 Kf7 32.Ng1 d4 33.cxd4 cxd4 
34.Nf3 Nc6 35.f5 gxf5 36.Kxf5 d3 37.Ke4 Ke6 38.Ke3 Kd5 39.a3 Kc4 40.Nd2+ 
Kd5 41.b3 Ne5 42.g5 Ke6 43.Nc4 Nxc4+ 44.bxc4 Kf5 45.Kxd3 Kxg5 46.Ke4 Kf6 
47.Kd5 b5 48.c5 a5 49.Kd6 b4 50.c6 b3 51.c7 b2 52.c8=Q b1=Q 53.Qd8+ Kf7 
54.Qe7+ Kg6 55.Qe8+ Kh6 56.Qh8+ Kg6 57.Qe8+ Kh6 58.Qe3+ Kg6 59.Qe6+ Kg5 
60.Qe3+ Kg6 61.Qg3+ Kh6 62.Qh2+ Kg6 63.Qg2+ Kf6 64.Qc6 Qf5 65.Qc3+ Kf7 66.
Kc7 Qb5 1/2-1/2

[Event "Valencia sub zt 2.3.5"]
[Site "Valencia"]
[Date "2000.??.??"]
[Round "1"]
[White "Santa Torres, Luis A"]
[Black "Ostos, Julio"]
[Result "0-1"]
[WhiteElo "2201"]
[BlackElo "2344"]
[EventDate "2000.08.13"]
[PlyCount "74"]

1.d4 Nf6 2.Nf3 c5 3.c3 g6 4.Bg5 Ne4 5.Bf4 Qb6 6.Nbd2 Nxd2 7.Qxd2 Bg7 8.d5 
d6 9.e4 Bg4 10.Be2 Nd7 11.h3 Bxf3 12.Bxf3 Qa5 13.Be2 b5 14.O-O Rb8 15.Rfe1
c4 16.Bg4 Ne5 17.Bxe5 Bxe5 18.f4 Bg7 19.e5 O-O 20.a3 Qc7 21.Qe3 a5 22.exd6
exd6 23.f5 b4 24.axb4 axb4 25.Ra7 Rb7 26.Rxb7 Qxb7 27.Qf4 Be5 28.Qxc4 bxc3
29.bxc3 Rc8 30.Qe4 Rxc3 31.fxg6 hxg6 32.Rf1 Qe7 33.Bf3 Kg7 34.Qg4 f5 35.
Qa4 Qg5 36.Rb1 Rxf3 37.Qd7+ Kh6 0-1

[Event "Valencia sub zt 2.3.5"]
[Site "Valencia"]
[Date "2000.??.??"]
[Round "1"]
[White "Wheeler, Robert"]
[Black "Sequera Paolini, Jose"]
[Result "0-1"]
[WhiteElo "2226"]
[BlackElo "2357"]
[EventDate "2000.08.13"]
[PlyCount "60"]

1.d4 f5 2.Nc3 Nf6 3.Bg5 d5 4.e3 Nbd7 5.Nf3 c6 6.Bxf6 Nxf6 7.Ne5 e6 8.a3 
Bd6 9.f4 O-O 10.Be2 Bd7 11.O-O Be8 12.Nb1 Rc8 13.Nd2 Kh8 14.Ndf3 Ne4 15.
Qe1 g5 16.Bd3 h6 17.Rc1 Rc7 18.c4 Rg7 19.Kh1 Rfg8 20.Rc2 Bh5 21.Bxe4 dxe4 
22.Ng1 gxf4 23.exf4 Kh7 24.Rd2 Qf6 25.Rc2 c5 26.Qc3 Qh4 27.b4 Rg3 28.Qb2 
Bxe5 29.dxe5 e3 30.Nh3 Qxh3 0-1

[Event "Valencia sub zt 2.3.5"]
[Site "Valencia"]
[Date "2000.??.??"]
[Round "1"]
[White "Yee, Frank"]
[Black "Dominguez, Jose Manuel"]
[Result "0-1"]
[WhiteElo "2169"]
[BlackElo "2316"]
[EventDate "2000.08.13"]
[PlyCount "106"]

1.e4 e5 2.Nf3 Nc6 3.Bc4 Be7 4.d4 exd4 5.Nxd4 d6 6.O-O Nf6 7.Nc3 O-O 8.h3 
Ne5 9.Be2 c6 10.Be3 Qc7 11.f4 Ng6 12.Bf3 Re8 13.Qd2 Bf8 14.Bf2 Bd7 15.Rfe1
Rad8 16.Rad1 Bc8 17.Bg3 Qb6 18.Na4 Qc7 19.c4 a6 20.Nc3 b5 21.b3 bxc4 22.
bxc4 a5 23.Qc2 Ba6 24.Qa4 Bb7 25.Rb1 Nd7 26.Qc2 Nc5 27.Na4 Ba6 28.Nf5 Ne6 
29.Rb6 Ra8 30.e5 dxe5 31.Rxc6 Qa7+ 32.Bf2 Nd4 33.Nxd4 exd4 34.Rd1 Rad8 35.
Bd5 Nxf4 36.Qf5 Nxd5 37.cxd5 Bb5 38.Bxd4 Qd7 39.Qxd7 Rxd7 40.Nb6 Bxc6 41.
dxc6 Rc7 42.Rc1 Re6 43.Rb1 Rexc6 44.Kf2 Rc2+ 45.Kf3 Rxa2 46.Rb5 a4 47.Nd5 
Rd7 48.Be3 a3 49.Nb4 Rb2 50.Bc5 Bxc5 51.Rxc5 h6 52.Nc6 a2 53.Ra5 Rd1 0-1

[Event "Valencia sub zt 2.3.5"]
[Site "Valencia"]
[Date "2000.??.??"]
[Round "2"]
[White "Arias, Luis"]
[Black "Harper, Ryan"]
[Result "1/2-1/2"]
[WhiteElo "2243"]
[BlackElo "2122"]
[EventDate "2000.08.13"]
[PlyCount "96"]

1.g3 Nf6 2.Bg2 g6 3.Nf3 Bg7 4.O-O O-O 5.d4 d6 6.a4 c6 7.a5 d5 8.c3 Bf5 9.
Bf4 Nh5 10.Bxb8 Rxb8 11.Nbd2 Qc8 12.Re1 Nf6 13.Ne5 Ne4 14.Nxe4 dxe4 15.Nc4
Be6 16.Nd2 f5 17.e3 Qc7 18.Qa4 Rbd8 19.Nb3 Bxb3 20.Qxb3+ Kh8 21.Bf1 g5 22.
Qb4 Rd6 23.Ra3 h5 24.Rb3 Rb8 25.c4 h4 26.Qc5 hxg3 27.fxg3 e6 28.Qxa7 f4 
29.a6 Rd7 30.gxf4 gxf4 31.Qc5 fxe3 32.Qh5+ Kg8 33.Bh3 Qd6 34.Qg6 Re7 35.
Rxb7 Rbxb7 36.axb7 e2 37.Bxe6+ Kf8 38.Rxe2 Bxd4+ 39.Kh1 Rg7 40.b8=Q+ Qxb8 
41.Rf2+ Bxf2 42.Qf6+ Ke8 43.Qxg7 Qf4 44.Qd7+ Kf8 45.Qd8+ Kg7 46.Qg8+ Kh6 
47.Qh8+ Kg6 48.Qg8+ Kh6 1/2-1/2

[Event "Valencia sub zt 2.3.5"]
[Site "Valencia"]
[Date "2000.??.??"]
[Round "2"]
[White "Boada, Winston"]
[Black "Ramsingh, Yogendranath"]
[Result "1-0"]
[WhiteElo "2165"]
[BlackElo "2246"]
[EventDate "2000.08.13"]
[PlyCount "112"]

1.d4 c6 2.c4 g6 3.Nc3 Bg7 4.Nf3 d6 5.e4 Nf6 6.Bg5 Bg4 7.Be2 Bxf3 8.Bxf3 
Nbd7 9.Qd2 c5 10.d5 a6 11.Be2 Rb8 12.a4 Qa5 13.O-O h6 14.Bh4 g5 15.Bg3 Nh7
16.f4 Bd4+ 17.Kh1 gxf4 18.Bxf4 Nhf6 19.Bxh6 Bxc3 20.bxc3 Nxe4 21.Qe3 Qxc3 
22.Qxc3 Nxc3 23.Bg7 Nxe2 24.Bxh8 Kf8 25.Rf2 Nd4 26.Bxd4 cxd4 27.Rd2 Nc5 
28.Rxd4 Nb3 29.Rh4 Kg7 30.Ra3 Nc5 31.Rf3 Rg8 32.Rhf4 f6 33.Rg4+ Kf7 34.
Rxg8 Kxg8 35.Rg3+ Kf7 36.h4 Ne4 37.Re3 Nf2+ 38.Kg1 Ng4 39.Rg3 f5 40.Rxg4 
fxg4 41.a5 g3 42.Kf1 Kg6 43.Ke2 Kh5 44.Kf3 Kxh4 45.Kf4 Kh5 46.Kf5 Kh4 47.
Ke6 Kg4 48.Kxe7 Kf4 49.Kxd6 Ke3 50.Kc7 Kf2 51.d6 Kxg2 52.d7 Kf1 53.d8=Q g2
54.Qd1+ Kf2 55.Qd2+ Kf1 56.Qxg2+ Kxg2 1-0

[Event "Valencia sub zt 2.3.5"]
[Site "Valencia"]
[Date "2000.??.??"]
[Round "2"]
[White "Dominguez, Jose Manuel"]
[Black "Merrit, Mario"]
[Result "1-0"]
[WhiteElo "2316"]
[BlackElo "2159"]
[EventDate "2000.08.13"]
[PlyCount "81"]

1.Nf3 c5 2.e4 Nc6 3.d4 cxd4 4.Nxd4 Nf6 5.Nc3 d6 6.Bc4 e5 7.Nde2 Be6 8.Bb3 
Be7 9.h3 b5 10.Ng3 Nd4 11.Qd3 Bc4 12.Bxc4 bxc4 13.Qd1 d5 14.exd5 Nxd5 15.
Nxd5 Qxd5 16.O-O Qc6 17.c3 Ne6 18.Qe2 f6 19.Nf5 Rd8 20.f4 exf4 21.Qxe6 
Qxe6 22.Nxg7+ Kf7 23.Nxe6 Kxe6 24.Bxf4 Kf7 25.Rfe1 Bc5+ 26.Kf1 Rhe8 27.
Rxe8 Rxe8 28.Rd1 Ke6 29.Re1+ Kf7 30.Rxe8 Kxe8 31.Ke2 Kd7 32.Be3 Kd6 33.
Bxc5+ Kxc5 34.Ke3 Kd5 35.Kf4 Kd6 36.Kf5 Ke7 37.g4 a5 38.b3 Kf7 39.h4 Ke7 
40.h5 Kf7 41.h6 1-0

[Event "Valencia sub zt 2.3.5"]
[Site "Valencia"]
[Date "2000.??.??"]
[Round "2"]
[White "Hernandez, Alexander"]
[Black "Ordonez, Francisco"]
[Result "1/2-1/2"]
[WhiteElo "2229"]
[BlackElo "2295"]
[EventDate "2000.08.13"]
[PlyCount "106"]

1.e4 c5 2.Nf3 d6 3.d4 cxd4 4.Nxd4 Nf6 5.Nc3 a6 6.a4 e5 7.Nde2 Be7 8.g3 
Nbd7 9.Bg2 Rb8 10.O-O b5 11.axb5 axb5 12.Be3 b4 13.Nd5 Nxd5 14.Qxd5 O-O 
15.Rfd1 Nf6 16.Qd3 Bd7 17.h3 Bb5 18.Qd2 Ra8 19.g4 Bxe2 20.Qxe2 Qc7 21.Qd3 
Rfc8 22.Rxa8 Rxa8 23.Rc1 Qa5 24.Qb3 Nd7 25.Bf1 Nc5 26.Qd5 Ne6 27.Qb7 Qd8 
28.Bc4 Rb8 29.Qa7 Ra8 30.Qb7 Rb8 31.Qc6 Bg5 32.Bxe6 Bxe3 33.Bxf7+ Kxf7 34.
fxe3 Kg8 35.Rf1 Qb6 36.Qc4+ Kh8 37.Qd3 h6 38.Rf7 Qc5 39.Rd7 Rc8 40.Rxd6 
Qxc2 41.Rd8+ Kh7 42.Qxc2 Rxc2 43.Rd5 Rxb2 44.Rxe5 b3 45.Rb5 Rb1+ 46.Kg2 b2
47.h4 Kg6 48.Rb6+ Kf7 49.e5 g6 50.h5 gxh5 51.gxh5 Ke7 52.e6 Kf6 53.e4 Re1 
1/2-1/2

[Event "Valencia sub zt 2.3.5"]
[Site "Valencia"]
[Date "2000.??.??"]
[Round "2"]
[White "Ostos, Julio"]
[Black "Blanco, Cristobal J"]
[Result "1-0"]
[WhiteElo "2344"]
[BlackElo "2185"]
[EventDate "2000.08.13"]
[PlyCount "75"]

1.e4 c5 2.Nf3 Nc6 3.Bb5 g6 4.Bxc6 dxc6 5.d3 Qc7 6.Be3 e5 7.h3 f6 8.O-O Nh6
9.Nh2 Be6 10.f4 O-O-O 11.Qc1 Nf7 12.f5 gxf5 13.exf5 Bd7 14.Ng4 Be7 15.Nc3 
h5 16.Nh6 Nd6 17.Ne4 Nxe4 18.dxe4 Be8 19.g4 Bf8 20.g5 Qg7 21.Kh2 fxg5 22.
Bxg5 Rxh6 23.f6 Qh7 24.f7 Bd7 25.Bxd8 Kxd8 26.Qg5+ Kc7 27.Qxe5+ Rd6 28.Rf6
Qg7 29.Raf1 h4 30.R1f3 c4 31.Qxd6+ Bxd6+ 32.Rxd6 Qf8 33.e5 Be8 34.Rdf6 Kb6
35.e6 Qd6+ 36.R6f4 Qd2+ 37.Rf2 Qe3 38.fxe8=Q 1-0

[Event "Valencia sub zt 2.3.5"]
[Site "Valencia"]
[Date "2000.??.??"]
[Round "2"]
[White "Santa Torres, Luis A"]
[Black "Munoz Sotomayor, Hugo"]
[Result "1-0"]
[WhiteElo "2201"]
[BlackElo "2322"]
[EventDate "2000.08.13"]
[PlyCount "79"]

1.d4 Nf6 2.c4 e6 3.Nc3 Bb4 4.e3 O-O 5.Bd3 c5 6.Nf3 Nc6 7.O-O Bxc3 8.bxc3 
d6 9.e4 e5 10.d5 Ne7 11.Nh4 Ng6 12.Nf5 Kh8 13.h4 h6 14.g3 Ne7 15.g4 Nxf5 
16.exf5 e4 17.Bc2 Nh7 18.Bxe4 Qxh4 19.Kg2 Re8 20.Bd3 Qf6 21.Bd2 Bd7 22.Rh1
Kg8 23.f4 Qe7 24.g5 Qf8 25.f6 g6 26.Rxh6 Nxf6 27.Bxg6 Ng4 28.Bh7+ Kg7 29.
Rh4 Qe7 30.Bd3 Ne3+ 31.Bxe3 Qxe3 32.Rh7+ Kf8 33.Qh5 Qd2+ 34.Kh1 Re1+ 35.
Rxe1 Qxe1+ 36.Kg2 Qd2+ 37.Be2 Qxf4 38.Rh8+ Ke7 39.Rxa8 Qe4+ 40.Qf3 1-0

[Event "Valencia sub zt 2.3.5"]
[Site "Valencia"]
[Date "2000.??.??"]
[Round "2"]
[White "Sequera Paolini, Jose"]
[Black "Montalvo, Alejandro"]
[Result "1-0"]
[WhiteElo "2357"]
[BlackElo "2222"]
[EventDate "2000.08.13"]
[PlyCount "63"]

1.e4 c6 2.Nf3 d5 3.Nc3 dxe4 4.Nxe4 Nf6 5.Ng3 h5 6.Bc4 h4 7.Ne2 h3 8.g3 e6 
9.d4 Bd6 10.Bf4 Nd5 11.Be5 f6 12.Bxd6 Qxd6 13.Qd3 Rh6 14.O-O b6 15.Rfe1 g5
16.Nc3 Kf7 17.Re2 Nd7 18.Rae1 Nf8 19.Nd2 Bb7 20.Qf3 Kg7 21.Qg4 f5 22.Qf3 
g4 23.Qh1 Nb4 24.Bb3 Qxd4 25.Nc4 Qd7 26.Rd1 Nd5 27.f3 Qe7 28.fxg4 Nxc3 29.
bxc3 c5 30.Nd6 Rd8 31.Nxf5+ Kf6 32.Rxd8 1-0

[Event "Valencia sub zt 2.3.5"]
[Site "Valencia"]
[Date "2000.??.??"]
[Round "2"]
[White "Sosa, Luis"]
[Black "Pazos Gambarrotti, Plinio"]
[Result "1/2-1/2"]
[WhiteElo "2166"]
[BlackElo "2363"]
[EventDate "2000.08.13"]
[PlyCount "76"]

1.d4 Nf6 2.Bg5 d5 3.Bxf6 exf6 4.e3 g6 5.c4 c6 6.Nc3 dxc4 7.Bxc4 Bg7 8.h4 
h5 9.Nh3 f5 10.Nf4 Bh6 11.Qf3 Qd6 12.Rd1 Nd7 13.O-O O-O 14.Qg3 Nb6 15.Bb3 
Bxf4 16.exf4 Be6 17.Bxe6 Qxe6 18.Rfe1 Qf6 19.Qg5 Qxg5 20.fxg5 Rfe8 21.
Rxe8+ Rxe8 22.d5 cxd5 23.Nxd5 Nxd5 24.Rxd5 Re1+ 25.Kh2 Re2 26.Rb5 b6 27.
Kg3 Re4 28.Rd5 Re2 29.Rb5 Kf8 30.a4 Re6 31.a5 Ke7 32.axb6 axb6 33.Rb3 Kd7 
34.Kf3 Re4 35.g3 Kc6 36.Rc3+ Kd6 37.Rd3+ Kc6 38.Rc3+ Kd6 1/2-1/2

[Event "Valencia sub zt 2.3.5"]
[Site "Valencia"]
[Date "2000.??.??"]
[Round "2"]
[White "Yee, Frank"]
[Black "Matthews, Shane"]
[Result "1/2-1/2"]
[WhiteElo "2169"]
[BlackElo "2258"]
[EventDate "2000.08.13"]
[PlyCount "23"]

1.e4 c5 2.Nf3 d6 3.d4 cxd4 4.Nxd4 Nf6 5.Nc3 a6 6.Bc4 e6 7.Bb3 b5 8.O-O b4 
9.Na4 Bd7 10.Re1 Nc6 11.c3 Rb8 12.f4 1/2-1/2

[Event "Valencia sub zt 2.3.5"]
[Site "Valencia"]
[Date "2000.??.??"]
[Round "3"]
[White "Blanco, Cristobal J"]
[Black "Pitterson, Jomo"]
[Result "1-0"]
[WhiteElo "2185"]
[BlackElo "2262"]
[EventDate "2000.08.13"]
[PlyCount "59"]

1.e4 e6 2.d4 d5 3.Nc3 Nf6 4.e5 Nfd7 5.f4 c5 6.Nf3 Nc6 7.Be3 cxd4 8.Nxd4 
Bc5 9.Qd2 Nxd4 10.Bxd4 a6 11.O-O-O O-O 12.Kb1 b5 13.f5 Qc7 14.Re1 b4 15.
Ne2 Nxe5 16.f6 Bxd4 17.fxg7 Rd8 18.Nxd4 Ng6 19.h4 e5 20.Nf3 e4 21.Nd4 Qf4 
22.Qxb4 Bd7 23.h5 Ne5 24.h6 Ng4 25.Be2 Qe5 26.Bxg4 Rab8 27.Qc3 Rdc8 28.Nc6
Qd6 29.Bxd7 Rc7 30.Ne7+ 1-0

[Event "Valencia sub zt 2.3.5"]
[Site "Valencia"]
[Date "2000.??.??"]
[Round "3"]
[White "Dominguez, Jose Manuel"]
[Black "Sequera Paolini, Jose"]
[Result "1/2-1/2"]
[WhiteElo "2316"]
[BlackElo "2357"]
[EventDate "2000.08.13"]
[PlyCount "110"]

1.e4 e6 2.d4 d5 3.Nc3 Bb4 4.exd5 exd5 5.Bd3 Nc6 6.Ne2 Nf6 7.O-O Be7 8.a3 
Bg4 9.f3 Be6 10.b4 Qd7 11.Be3 Bf5 12.Bb5 a6 13.Ba4 O-O 14.g4 Be6 15.Nf4 
Bd6 16.Nce2 b5 17.Bb3 Ne7 18.Bf2 Ng6 19.Bg3 Rae8 20.Qd2 Re7 21.Rae1 Rfe8 
22.Nxg6 fxg6 23.Nf4 Bf7 24.Nd3 Bxg3 25.hxg3 Qd6 26.Kf2 Nd7 27.Rxe7 Rxe7 
28.Qf4 Qxf4 29.Nxf4 c6 30.Nd3 g5 31.a4 Bg6 32.Nc5 Nxc5 33.dxc5 Kf8 34.Ra1 
Be8 35.axb5 axb5 36.c3 Bg6 37.Ra6 Bd3 38.Bd1 Re6 39.Ra7 Re7 40.Ra8+ Re8 
41.Rxe8+ Kxe8 42.Ke3 Bb1 43.f4 h6 44.Kd4 Ke7 45.Ke5 Bd3 46.Bb3 Bb1 47.Bd1 
Bd3 48.Bf3 Bb1 49.Be2 Bc2 50.Kd4 Ke6 51.Bf3 Bb1 52.Be2 Bc2 53.Bf3 Bb1 54.
Bd1 Ke7 55.Ke5 Bd3 1/2-1/2

[Event "Valencia sub zt 2.3.5"]
[Site "Valencia"]
[Date "2000.??.??"]
[Round "3"]
[White "Harper, Ryan"]
[Black "Munoz Sotomayor, Hugo"]
[Result "1/2-1/2"]
[WhiteElo "2122"]
[BlackElo "2322"]
[EventDate "2000.08.13"]
[PlyCount "125"]

1.e4 c5 2.Nf3 e6 3.d4 cxd4 4.Nxd4 a6 5.c4 Qc7 6.Nc3 Nf6 7.Be3 d6 8.Be2 
Nbd7 9.O-O b6 10.Rc1 Bb7 11.f3 Be7 12.Qd2 O-O 13.Rfd1 Rac8 14.Bf1 Qb8 15.
Qf2 Rfe8 16.a3 Bd8 17.b4 Ne5 18.Na4 d5 19.exd5 exd5 20.Nf5 Nxc4 21.Bxc4 
Rxc4 22.Rxc4 dxc4 23.Nd6 Re7 24.Nxb6 c3 25.Nbc4 Rd7 26.Bc5 Bd5 27.Rc1 Bc7 
28.Ne5 Rxd6 29.Bxd6 Bxd6 30.Nd3 Bxh2+ 31.Kh1 Bg3 32.Qd4 h5 33.Qxc3 Qd6 34.
Qc5 h4 35.Qxd6 Bxd6 36.Nc5 g5 37.Rd1 Bf4 38.Nd7 Nxd7 39.Rxd5 Ne5 40.Rd8+ 
Kg7 41.Kg1 f5 42.Ra8 g4 43.fxg4 fxg4 44.Ra7+ Kg6 45.Rxa6+ Kf5 46.b5 h3 47.
gxh3 gxh3 48.Ra8 Ng4 49.Rh8 h2+ 50.Kg2 Ne3+ 51.Kf3 Be5 52.Rh5+ Kg6 53.Rxh2
Bxh2 54.Kxe3 Kf6 55.Kd4 Ke6 56.a4 Kd6 57.a5 Bg1+ 58.Kc4 Kc7 59.Kd5 Kb7 60.
Kd6 Bh2+ 61.Kd7 Bg1 62.a6+ Ka7 63.Kc6 1/2-1/2

[Event "Valencia sub zt 2.3.5"]
[Site "Valencia"]
[Date "2000.??.??"]
[Round "3"]
[White "Matthews, Shane"]
[Black "Arias, Luis"]
[Result "1-0"]
[WhiteElo "2258"]
[BlackElo "2243"]
[EventDate "2000.08.13"]
[PlyCount "135"]

1.e4 e5 2.Nf3 Nc6 3.Bb5 a6 4.Ba4 Nf6 5.O-O b5 6.Bb3 Bb7 7.c3 Bc5 8.d4 Bb6 
9.dxe5 Ng4 10.Bxf7+ Kxf7 11.Ng5+ Ke8 12.Qxg4 Nxe5 13.Qe2 Qf6 14.Na3 Ke7 
15.Nc2 Rae8 16.a4 h6 17.Nh3 Kd8 18.axb5 axb5 19.Kh1 Nc4 20.f3 g5 21.b3 Nd6
22.Nd4 b4 23.Be3 bxc3 24.Nc2 Bxe3 25.Nxe3 Qd4 26.Rfd1 Qb4 27.Qc2 Nb5 28.
Ra4 Qc5 29.Qd3 d6 30.b4 Qb6 31.Ra5 Bc6 32.Nd5 Qb7 33.Nxc3 Nxc3 34.Qxc3 g4 
35.Nf2 gxf3 36.gxf3 Rhg8 37.Rc1 Bd7 38.Qd4 Qb6 39.Qxb6 cxb6 40.Ra6 Ke7 41.
Rxb6 Ref8 42.e5 Rxf3 43.exd6+ Kf6 44.Ne4+ Ke5 45.Ng3 Rd3 46.Ra6 Rb8 47.
Ra5+ Rd5 48.Rcc5 Rxc5 49.Rxc5+ Kxd6 50.Ne4+ Ke7 51.Rc4 Bb5 52.Rd4 Rg8 53.
Ng3 h5 54.Kg2 Rg5 55.Kh3 Re5 56.Kh4 Be8 57.Re4 Ke6 58.Rxe5+ Kxe5 59.Nxh5 
Kd4 60.Ng7 Bg6 61.Kg5 Bh7 62.h4 Kc4 63.h5 Kxb4 64.Kf6 Kc5 65.h6 Kd6 66.Ne6
Bg8 67.Kg7 Bh7 68.Kxh7 1-0

[Event "Valencia sub zt 2.3.5"]
[Site "Valencia"]
[Date "2000.??.??"]
[Round "3"]
[White "Merrit, Mario"]
[Black "Hernandez, Alexander"]
[Result "0-1"]
[WhiteElo "2159"]
[BlackElo "2229"]
[EventDate "2000.08.13"]
[PlyCount "64"]

1.c4 Nf6 2.Nc3 e6 3.e4 d5 4.e5 d4 5.exf6 dxc3 6.bxc3 Qxf6 7.d4 Nd7 8.Nf3 
h6 9.Bd3 Be7 10.Qe2 b6 11.O-O Bb7 12.Re1 O-O 13.Rb1 Rfd8 14.Be4 Bxe4 15.
Qxe4 Bd6 16.g4 Re8 17.h4 e5 18.Kg2 exd4 19.Qxe8+ Rxe8 20.Rxe8+ Kh7 21.Rb5 
dxc3 22.Rf5 Qg6 23.Ng5+ hxg5 24.Rxg5 Qh6 25.Rh5 Qxh5 26.gxh5 Ne5 27.c5 
bxc5 28.Rxe5 Bxe5 29.Kf3 Bf6 30.Kg4 c2 31.Kg3 c4 32.f3 Ba1 0-1

[Event "Valencia sub zt 2.3.5"]
[Site "Valencia"]
[Date "2000.??.??"]
[Round "3"]
[White "Montalvo, Alejandro"]
[Black "Sosa, Luis"]
[Result "1-0"]
[WhiteElo "2222"]
[BlackElo "2166"]
[EventDate "2000.08.13"]
[PlyCount "71"]

1.d4 d5 2.c4 Nc6 3.Nc3 Nf6 4.Nf3 dxc4 5.d5 Na5 6.e4 c6 7.Bg5 h6 8.Be3 e6 
9.dxc6 Qxd1+ 10.Rxd1 bxc6 11.Ne5 Rb8 12.Rd2 Bb4 13.f3 Bxc3 14.bxc3 Rb1+ 
15.Kf2 O-O 16.Rg1 Rc1 17.Bxa7 Re8 18.Bb6 Nb7 19.Bxc4 Rxc3 20.Bd4 Ra3 21.
Nxc6 Nd6 22.Bd3 Ba6 23.Bb1 Nc4 24.Rdd1 Bb5 25.Ne5 Rea8 26.Nxc4 Bxc4 27.Bc5
R3a6 28.a3 Bb3 29.Rd2 Ba4 30.g4 Nd7 31.Bb4 Ne5 32.Bc2 Bb5 33.Rgd1 Nc6 34.
Bc5 Bc4 35.Rb1 Ne5 36.Rb7 1-0